书目信息 |
| 题名: |
现代数学地质
|
|
| 作者: | 康永尚 , 沈金松 , 谌卓恒 编著 | |
| 分册: | ||
| 出版信息: | 北京 石油工业出版社 2005.06 |
|
| 页数: | 181页 | |
| 开本: | 26cm | |
| 丛书名: | ||
| 单 册: | ||
| 中图分类: | P628 | |
| 科图分类: | ||
| 主题词: | 数学地质--shu xue di zhi--高等学校--教材 | |
| 电子资源: | ||
| ISBN: | 7-5021-5097-8 | |
| 000 | 01192nam0 2200289 450 | |
| 001 | 012006132015 | |
| 005 | 20060905163203.21 | |
| 010 | @a7-5021-5097-8@dCNY16.80 | |
| 100 | @a20060611d2005 km y0chiy0120 ea | |
| 101 | 0 | @achi |
| 102 | @aCN@b110000 | |
| 105 | @aa a 000yy | |
| 200 | 1 | @a现代数学地质@Axian dai shu xue di zhi@f康永尚, 沈金松, 谌卓恒编著@Fkang yong shang,shen jin song,chen zhuo heng bian zhu |
| 210 | @a北京@c石油工业出版社@d2005.06 | |
| 215 | @a181页@c图@d26cm | |
| 300 | @a高等学校教材 | |
| 312 | @a英文并列题名取自封面 | |
| 320 | @a有书目 (第179-181页)。 | |
| 330 | @a本书是针对油气勘探开发人才的培养而设计的,内容覆盖面广,从概率论和数理统计的基础知识到其应用,从单变量分析到多变量分析,从空间无关的变量到空间相关的变量,从线性科学的思维观到非线性科学的思维观,从易到难渐次深入,构成一个油气地质和开发领域从基础到应用的数学地质方法体系。 | |
| 510 | 1 | @aModern mathematical geology@zeng |
| 606 | 0 | @a数学地质@Ashu xue di zhi@x高等学校@j教材 |
| 690 | @aP628@v4 | |
| 701 | 0 | @a康永尚@Akang yong shang@4编著 |
| 701 | 0 | @a沈金松@Ashen jin song@4编著 |
| 701 | 0 | @a谌卓恒@Achen zhuo heng@4编著 |
| 801 | 0 | @aCN@bQSSK@c20060905 |
| 905 | @a10447@dP628@eK296 | |
| 现代数学地质/康永尚, 沈金松, 谌卓恒编著.-北京:石油工业出版社,2005.06 |
| 181页:图;26cm |
| 高等学校教材 |
| ISBN 7-5021-5097-8:CNY16.80 |
| 本书是针对油气勘探开发人才的培养而设计的,内容覆盖面广,从概率论和数理统计的基础知识到其应用,从单变量分析到多变量分析,从空间无关的变量到空间相关的变量,从线性科学的思维观到非线性科学的思维观,从易到难渐次深入,构成一个油气地质和开发领域从基础到应用的数学地质方法体系。 |
| ● |
| 相关链接 |
|
|
|
正题名:现代数学地质
索取号:P628/K296
 
预约/预借
| 序号 | 登录号 | 条形码 | 馆藏地/架位号 | 状态 | 备注 |
| 1 | 585112 | 205851121 | 期刊室512/401自科库 127排1列5层/ [索取号:P628/K296] | 在馆 | |
| 2 | 585113 | 205851130 | 自科二线504/504自科库 47排3列5层/ [索取号:P628/K296] | 在馆 | |
| 3 | 585114 | 205851149 | 自科库401/401自科库 132排1列5层/ [索取号:P628/K296] | 在馆 |